"Blue Sky Mine" Midnight Oil: fill in the lyrics - Statistics

General Stats
  • This quiz has been taken 17 times
  • The average score is 31 of 37
Answer Stats
Lyrics % Correct
And if I walk up and {down} on the blue sky mine
100%
And if the blue sky mining company won't come to my {rescue}
100%
But if I work all day on the {blue} sky mine
100%
But if I work all day on the {blue} sky mine
100%
Hey, hey, hey, {hey}
100%
Hey, hey, hey, {hey}
100%
In the end the rain comes {down}
100%
In the end the rain comes {down}
100%
Still I walk up and {down} on the blue sky mine
100%
There'll be food on the {table} tonight
100%
There'll be food on the {table} tonight
100%
There'll be food on the {table} tonight
100%
There'll be pay in your {pocket} tonight
100%
There'll be pay in your {pocket} tonight
100%
There'll be pay in your {pocket} tonight
100%
Who's gonna {save} me?
100%
Who's gonna save {me}?
100%
Who's gonna save {me}?
100%
And nothing's as precious, as a {hole} in the ground
92%
And some have sailed from a distant {shore}
92%
Hope the crumbs in my pocket can keep me for another {night}
92%
And the company takes what the company {wants}
85%
If the {sugar} refining company won't save me
85%
I pray that {sense} and reason brings us in
77%
The candy store paupers lie to the {share} holders
77%
Washes clean, the {streets} of a blue sky town
77%
So I'm caught at the junction still {waiting} for medicine
69%
The balance sheet is breaking up the {sky}
69%
We've got nothing to {fear}
69%
A life that is led is no more than a {token}
62%
My gut is wrenched out; it is crunched up and {broken}
62%
They blew the lights at {heaven's} gate and I don't know why
62%
They're crossing their fingers they pay the {truth} makers
62%
If I yell out at night there's a reply of bruised {silence}
54%
The sweat of my brow keeps on {feeding} the engine
54%
The screen is no comfort; I can't {speak} my sentence
38%
Who'll strike the flint upon the {stone} and tell me why
38%
No matching quizzes found
Score Distribution
Percent of People with Each Score
Percentile by Number Answered
Your Score History
You have not taken this quiz